The holders of regular military titles in the period of the middle kingdom : dossiers /

Saved in:

Main Author: Stefanović, Danijela (Author)

Format: Book

Language: English

Published: London : Golden House, 2006.

Series: GHP Egyptology ; 4.
Egyptology ; 4.

Subjects:

Tags: Add Tag

No Tags, Be the first to tag this record!

Call Number: DT59 .E88 v.4

LEADER 00814namaa2200265 4500
001 13462
003 OSt
005 20260517085920.0
008 130303s2006 enk b 000 0 eng d
020 |a 0955025664 
040 |c ARCE Library 
043 |a f-ua--- 
050 4 |a DT59 .E88 v.4 
100 1 |a Stefanović, Danijela,  |e author  |9 40467 
245 1 4 |a The holders of regular military titles in the period of the middle kingdom :   |b dossiers /   |c Danijela Stefanovic. 
264 1 |a London :   |b Golden House,   |c 2006. 
300 |a viii, 244 pages ;  |c 21 cm. 
490 0 |a GHP Egyptology ;   |v 4. 
490 0 |a Egyptology ;   |v 4. 
504 |a Bibliography : pages 228-244.  
650 0 |a Egyptian language  |x Writing, Hieroglyphic. 
650 0 |a Soldiers  |z Egypt. 
901 |a reviewed 
942 |c BK  |2 lcc 
999 |c 14539  |d 14539